书目信息 |
| 题名: |
精细化工工艺学
|
|
| 作者: | 宋启煌 主编 | |
| 分册: | ||
| 出版信息: | 北京 化学工业出版社 2004 |
|
| 页数: | 414页 | |
| 开本: | 26cm | |
| 丛书名: | ||
| 单 册: | ||
| 中图分类: | TQ062 | |
| 科图分类: | ||
| 主题词: | 精细化工--工艺学--高等学校--教材 , 精细化工 | |
| 电子资源: | ||
| ISBN: | 7-5025-4945-5 | |
| 000 | 00852nam0 2200253 450 | |
| 001 | 012007142062 | |
| 005 | 20070714114712.63 | |
| 010 | @a7-5025-4945-5@dCNY39.00 | |
| 100 | @a20070514d2004 km y0chiy0120 ea | |
| 101 | 0 | @achi |
| 102 | @aCN@b110000 | |
| 105 | @ay z 000yy | |
| 200 | 1 | @a精细化工工艺学@Ajing xi hua gong gong yi xue@f宋启煌主编@Fsong qi huang zhu bian |
| 205 | @a2版 | |
| 210 | @a北京@c化学工业出版社@d2004 | |
| 215 | @a414页@d26cm | |
| 300 | @a高等学校教材 | |
| 330 | @a本书介绍了表面活性剂、合成材料助剂、食品添加剂、化妆品等内容,并结合实例,重点讲述精细化工品的合成原理、原料消耗、工艺过程、主要操作技术和产品的性能用途等。 | |
| 606 | 0 | @a精细化工@x工艺学@x高等学校@j教材 |
| 606 | 0 | @a精细化工 |
| 690 | @aTQ062@v4 | |
| 701 | 0 | @a宋启煌@Asong qi huang@4主编 |
| 801 | 0 | @aCN@bRULIN@c20070714 |
| 905 | @dTQ062@e128=2@s8 | |
| 精细化工工艺学/宋启煌主编.-2版.-北京:化学工业出版社,2004 |
| 414页;26cm |
| 高等学校教材 |
| ISBN 7-5025-4945-5:CNY39.00 |
| 本书介绍了表面活性剂、合成材料助剂、食品添加剂、化妆品等内容,并结合实例,重点讲述精细化工品的合成原理、原料消耗、工艺过程、主要操作技术和产品的性能用途等。 |
| ● |
| 相关链接 |
|
|
|
|
正题名:精细化工工艺学
索取号:TQ062/128=2
 
预约/预借
| 序号 | 登录号 | 条形码 | 馆藏地/架位号 | 状态 | 备注 |
| 1 | 0574377 | 205743775 | 第二样本阅览室/ [索取号:TQ062/128=2] | 在馆 | |
| 2 | 0574378 | 205743784 | 密集书库/ [索取号:TQ062/128=2] | 在馆 | |
| 3 | 0574379 | 205743793 | 密集书库/ [索取号:TQ062/128=2] | 在馆 | |
| 4 | 0574380 | 205743800 | 密集书库/ [索取号:TQ062/128=2] | 在馆 | |
| 5 | 0574381 | 205743819 | 第三借阅区/ [索取号:TQ062/128=2] | 在馆 | |
| 6 | 0574382 | 205743828 | 第三借阅区/ [索取号:TQ062/128=2] | 在馆 | |
| 7 | 0574383 | 205743837 | 第三借阅区/ [索取号:TQ062/128=2] | 在馆 | |
| 8 | 0574384 | 205743846 | 第三借阅区/ [索取号:TQ062/128=2] | 在馆 | |
| 9 | 0779164 | 207791647 | 密集书库/ [索取号:TQ062/128=2] | 在馆 |